Central Library OPAC University of Rajshahi

Biography of physics / (Record no. 9853)

MARC details
000 -LEADER
fixed length control field 00725nam a22002412 4500
001 - CONTROL NUMBER
control field 9853
003 - CONTROL NUMBER IDENTIFIER
rucl marc code BD-RjUL
005 - DATE AND TIME OF LATEST TRANSACTION
control field 20211208234842.0
008 - FIXED-LENGTH DATA ELEMENTS--GENERAL INFORMATION
fixed length control field 140122s1962 e af 001 0 eng d
035 ## - SYSTEM CONTROL NUMBER
System control number OCLC ocm30252608 from D970828M
-- (BD-RjUL)9898
040 ## - CATALOGING SOURCE
Original cataloging agency UKM
Transcribing agency UKM
Modifying agency EQO
-- BD-RjUL
Language of cataloging eng
041 ## - LANGUAGE CODE
Language code of text/sound track or separate title eng
082 04 - DEWEY DECIMAL CLASSIFICATION NUMBER
Classification number 530.09
Edition number 18
Author mark and year GAB 1962
100 1# - MAIN ENTRY--PERSONAL NAME
Personal name Gamow, George,
Dates associated with a name 1904-1968.
9 (RLIN) 22537
245 10 - TITLE STATEMENT
Title Biography of physics /
260 ## - PUBLICATION, DISTRIBUTION, ETC. (IMPRINT)
Name of publisher, distributor, etc. Hutchinson,
Date of publication, distribution, etc. 1962.
Place of publication, distribution, etc. London :
300 ## - PHYSICAL DESCRIPTION
Pagination x, 338 p. :
Illustrations ill. ;
Size 21 cm.
490 1# - SERIES STATEMENT
Series statement Harper torchbooks. Science library
650 ## - SUBJECT ADDED ENTRY--TOPICAL TERM
Topical term or geographic name as entry element Physics -- History.
9 (RLIN) 30447
Topical term or geographic name as entry element Physicists -- Biography.
9 (RLIN) 30448
830 #0 - SERIES ADDED ENTRY--UNIFORM TITLE
Uniform title Harper torchbooks.
942 ## - ADDED ENTRY ELEMENTS (KOHA)
Source of classification or shelving scheme Dewey Decimal Classification
Koha item type Books
Holdings
Lost status Source of classification or shelving scheme Damaged status Not for loan Collection code Permanent Location Current Location Shelving location Date acquired Source of acquisition Cost, normal purchase price Total Checkouts Full call number Date last seen Copy number Koha item type
  Dewey Decimal Classification     Non-fiction Central Library, University of Rajshahi Central Library, University of Rajshahi   20/11/1968 Zeitlinger 21.00   530.09 GAB 1962 22/01/2014 C-3 Books
  Dewey Decimal Classification     Non-fiction Central Library, University of Rajshahi Central Library, University of Rajshahi   20/11/1968 Zeitlinger 21.00   530.09 GAB 1962 07/09/2016 C-2 Books